000
00290nam a2200097Ia 4500
008
220204s9999 xx 000 0 und d
082
_a
332.021.8(1-22)
_b
NAB
245
0
_a
Rural non-farm investments
260
_a
Mumbai
_b
National Bank for Agricultural and Rural Development
_c
2002
942
_c
BK
999
_c
44050
_d
44050